Candy around the world - Statistics

General Stats
  • This quiz has been taken 13 times
  • The average score is 1 of 14
Answer Stats
Hint Answer % Correct
Germany Manufacturer Haribo
75%
Germany candy Gummy bear
50%
Ukraine Manufacturer Roshen
8%
Colombia Manufacturer Chocolores
0%
Turkey candy Delligth
0%
Spain candy Gummi frogs
0%
China candy Haw flakes
0%
China Manufacturer Haw flakes
0%
Mexico Manufacturer Lucas
0%
Ukraine candy Minky binky
0%
Mexico candy Shalsaghetti
0%
Colombia candy Trululu
0%
Turkey Manufacturer Usas
0%
Spain Manufacturer Vidal
0%
No matching quizzes found
Score Distribution
Percent of People with Each Score
Percentile by Number Answered
Your Score History
You have not taken this quiz